000
00255nam a22001217a 4500
008
181003b xxu||||| |||| 00| 0 eng d
041
_a
eng
080
_a
940
100
_a
17
101
_a
HIS
245
_a
The Inquisition
_c
Militans,E
942
_2
udc
_c
BK
999
_c
48802
_d
48802